000 00612cam a2200253 4500
001 J84001
008 090401t1997 xxu||||| |||| 00| 0 eng d
020 _a156690112X
035 _a(Sirsi) u78389
041 _aeng
050 _a526.80285
100 _aWhitener, Angela
245 _aMapping with Microsoft Office
260 _aSanta Fe, N.M.
_bOnWord Press
_c1997
300 _a283p. : ill. ; 23cm.
350 _a19.95
650 _aMAPPING
650 _aMAPS
650 _aMICROSOFT OFFICE
690 _aMAPPING AND MEASUREMENT
700 _aCreath, Bill
942 _n0
948 _c19/05/1997
999 _c96435
_d96435